Manual de métodos para la evaluación de las poblaciones de peces

Gespeichert in:
Bibliographische Detailangaben
1. Verfasser: Gulland, J. A (VerfasserIn)
Format: Buch
Sprache:Spanisch
Veröffentlicht: Zaragoza FAO 1971
Schlagworte:
Tags: Tag hinzufügen
Keine Tags, Fügen Sie den ersten Tag hinzu!

MARC

LEADER 00000nam a2200000 a 4500
001 UCY3426
003 CL-VaPUC
008 941227e19710000SP |||||||||||||||||spa|d
082 0 4 |a 597.05  |b GUL  |2 21 
100 |a Gulland, J. A  |e author  |9 331688 
245 1 0 |a Manual de métodos para la evaluación de las poblaciones de peces 
300 |a 164 p 
942 |c BK 
945 |d 19941227 00:00:00  |a mfernand 
260 |a Zaragoza  |b FAO  |c 1971 
650 7 |a POBLACION DE PECES  |2 CL-VaPUC  |9 261161 
583 |a last modification  |c 19941227 00:00:00  |k Rodrigo Vera 
999 |c 231561  |d 231559